Statistiques concernant Naruto - Mizukage

Cliquez ici pour prendre le quiz!

Statistiques générales

  • Ce quiz a été pris 54 fois
  • Le résultat moyen est 4 sur 6

Statistiques - réponses

Rang du MizukageNom du Mizukage% Correct
CinquièmeMeï Terumi
100%
SixièmeChôjûrô
81%
QuatrièmeYagura
79%
DeuxièmeGengetsu Hôzuki
67%
PremierByakuren
49%
Troisième-n
37%

Distribution des résultats

Percentile par nombre de réponses

% des personnes avec chaque résultat

Votre développement - résultats

Vous n’avez pas pris ce quiz